00464nam a2200193 a 4500001001300000003000900013005001700022008004100039020001000080082001600090100001800106245002100124260002800145300000900173500003500182505001300217650002200230700001800252nice12345678IN_TiNIC20260116011907.0050524s1967 hyda grp 000 0 eng  ac10000a297.63bHOS aHosain, Safdr aWho Was Muhammad aHyderabadbAuthorc1967 a121p aincludes index and biblioraphy2 aarchives aMuhammad, Prophet1 aHosain, Safdr